<?xml version="1.0" encoding="utf-8"?>
<?xml-stylesheet type='text/xsl' href='./oai2.xsl'?>
<OAI-PMH xmlns="http://www.openarchives.org/OAI/2.0/" xmlns:xsi="http://www.w3.org/2001/XMLSchema-instance" xsi:schemaLocation="http://www.openarchives.org/OAI/2.0/ http://www.openarchives.org/OAI/2.0/OAI-PMH.xsd">
  <responseDate>2026-05-15T22:40:48Z</responseDate>
  <request verb="GetRecord" metadataPrefix="marcxml" identifier="record_kuniweb_1355976">https://kulturerbe.niedersachsen.de/oai</request>
  <GetRecord>
    <record>
      <header>
        <identifier>record_kuniweb_1355976</identifier>
        <datestamp>2024-04-10T10:39:58Z</datestamp>
        <setSpec>slg0221</setSpec>
      </header>
      <metadata>
        <marc:record xmlns:marc="http://www.loc.gov/MARC21/slim" xsi:schemaLocation="http://www.loc.gov/MARC21/slim http://www.loc.gov/standards/marcxml/schema/MARC21slim.xsd">
          <marc:leader>12345nrm  22     uu 4500</marc:leader>
          <marc:controlfield tag="001">1355976</marc:controlfield>
          <marc:controlfield tag="003">http://kuniweb.gbv.de</marc:controlfield>
          <marc:controlfield tag="005">2020-12-01T11:11:32</marc:controlfield>
          <marc:controlfield tag="008">|           ||||||||||||||||||||||</marc:controlfield>
          <marc:datafield tag="245" ind1="1" ind2="0">
            <marc:subfield code="a">"Hünengrab“ Bülzenbett bei Sievern, 1901(Karl Biese)</marc:subfield>
          </marc:datafield>
          <marc:datafield tag="700" ind1="1" ind2=" ">
            <marc:subfield code="a">Biese</marc:subfield>
            <marc:subfield code="d">* 19.09.1863 † 19.11.1926</marc:subfield>
            <marc:subfield code="e">LithografIn</marc:subfield>
          </marc:datafield>
          <marc:datafield tag="655" ind1=" " ind2="7">
            <marc:subfield code="a">Grafik</marc:subfield>
          </marc:datafield>
          <marc:datafield tag="046" ind1=" " ind2=" ">
            <marc:subfield code="k">1901</marc:subfield>
            <marc:subfield code="k">1901</marc:subfield>
          </marc:datafield>
          <marc:datafield tag="260" ind1=" " ind2=" ">
            <marc:subfield code="g">1901</marc:subfield>
            <marc:subfield code="g">1901</marc:subfield>
          </marc:datafield>
          <marc:datafield tag="300" ind1=" " ind2=" ">
            <marc:subfield code="a">Höhe: 70 cm (Bildmaß)
Breite: 100 cm (Bildmaß)
Höhe: 80 cm ( Rahmenmaß )
Breite: 110 cm ( Rahmenmaß )</marc:subfield>
          </marc:datafield>
          <marc:datafield tag="520" ind1=" " ind2=" ">
            <marc:subfield code="a">Abendliche herbstliche Heidelandschaft mit dem Großsteingrab „Bülzenbett“ im Vordergrund, dieses von jungen Eichen in Windschur umstanden. Farblithographie

(Kunstdruckerei Karlsruher Künstlerbund für den Verlag B. G. Teubner, Leipzig, Verlagsnummer 1)
  (O. Rennebeck 8/2019)

Aufdruck:
„Karl Biese 1901“ (recto re. u. (im Stein):)

Aufdruck:
„BTG“ (li. u. (Verlagssignet B. G. Teubner im Wappenschild))

Literatur in Zusammenhang:
Karl Biese, Naturmotive zwischen Nordsee und Schwarzwald, Südverlag, Konstanz, 2019 S. 121 (= Tafel 54) und Rückdeckel

Literatur in Zusammenhang:
„Wie Malerei? : Lithografie um 1900 ; Städtische Galerie Karlsruhe, 22. April bis 2. Juli 2006 ; [anlässlich der Ausstellung Wie Malerei? Lithografie um 1900]“. Neuer Kunstverl., Stuttgart, 2006. (S. 54)

Literatur in Zusammenhang:
„Farblithographien des Karlsruher Künstlerbundes um 1900 [neunzehnhundert] : e. Initiative gegen d. Öldruck ; Städt. Galerie im Prinz-Max-Palais, Karlsruhe, 18. Juli bis 11. Okt. 1987“. Karlsruhe, 1987. (S. 75)

Literatur in Zusammenhang:
„Künstlerischer Wandschmuck für Schule und Haus : farbige Künstler-Steinzeichnungen“. Teubner [u.a.], Leipzig, 1915. (S. 11)

Literatur in Zusammenhang:
„Deutsche Künstlerkolonien 1890 - 1910 : Worpswede, Dachau, Willingshausen, Grötzingen, Die "Brücke", Murnau ; Städtische Galerie Karlsruhe, 26. September 1998 - 17. Januar 1999“. Städtische Galerie, Karlsruhe, 1998. (S. 275)

Literatur in Zusammenhang:
„Katalog der Originallithographien des Künstlerbund Karlsruhe“. Verl. d. Kunstdruckerei Künstlerbund, Karlsruhe, 1900. (Ausgabe 1904, S. 7)</marc:subfield>
          </marc:datafield>
          <marc:datafield tag="650" ind1="1" ind2=" ">
            <marc:subfield code="a">Farblithographie</marc:subfield>
          </marc:datafield>
          <marc:datafield tag="650" ind1="1" ind2=" ">
            <marc:subfield code="a">Grafik, Fotografie &gt; Druckgrafik &gt; Flachdruck &gt; Lithografie</marc:subfield>
          </marc:datafield>
          <marc:datafield tag="650" ind1="1" ind2=" ">
            <marc:subfield code="a">Zeichnung/Grafik</marc:subfield>
          </marc:datafield>
          <marc:datafield tag="650" ind1="1" ind2=" ">
            <marc:subfield code="a">Sievern (Geestland, Cuxhaven, Niedersachsen)</marc:subfield>
          </marc:datafield>
          <marc:datafield tag="773" ind1="0" ind2=" ">
            <marc:subfield code="t">Sammlung "Kulturerbe" im Kranichhaus</marc:subfield>
          </marc:datafield>
          <marc:datafield tag="852" ind1=" " ind2=" ">
            <marc:subfield code="a">Kranichhaus. Museum des Landes Hadeln</marc:subfield>
          </marc:datafield>
          <marc:datafield tag="" ind1=" " ind2=" ">
            <marc:subfield code="a">Namensnennung - Nicht kommerziell - Keine Bearbeitungen 4.0 International (CC BY-NC-ND 4.0)</marc:subfield>
          </marc:datafield>
        </marc:record>
      </metadata>
    </record>
  </GetRecord>
</OAI-PMH>
